00483nam a22001577a 450000500170000001000150001702000260003203500140005803700130007208200130008510000160009824500700011426000700018427000370025430000340029120230317151554.0 aENG-135636 a9789390790265c100.00 aEN-119168 bDBAD/PUB a330.9052 aV R, Sruthi aImapct of covid-19:bOn indian industrial sectors/cBy Sruthi V R a Parayanchery,KuthiravattambPavanatma Publishers Pvt. Ltd.c2021 aKuthiravattambKozhikodee673016 a71p.c22cm(pbk)bBibliography